Pojem nerovnosti a chudoby v genezi

Príčiny chudoby v Európe. Chápanie nerovnosti a chudoby. Typy nerovnosti. Vymedzenie pojmu chudoba. Meranie chudoby a metodologické problémy merania chudoby. Chudoba ako výsledok sociálnej nespravodlivosti spoločnosti a ako výsledok lenivosti a nedostatku vôle. Zloženie chudobnej populácie. Situác...

Full description

Saved in:
Bibliographic Details
Main Author: Veselá, Jana
Format: Book Chapter
Language:Czech
Subjects:
Tags: Add Tag
No Tags, Be the first to tag this record!

MARC

LEADER 00000naa$a2200000$$$4500
001 0005893
005 20221207121713.2
041 0 |a cze 
044 |a SK 
245 1 0 |a Pojem nerovnosti a chudoby v genezi  |c aut. Jana Veselá 
520 |a Príčiny chudoby v Európe. Chápanie nerovnosti a chudoby. Typy nerovnosti. Vymedzenie pojmu chudoba. Meranie chudoby a metodologické problémy merania chudoby. Chudoba ako výsledok sociálnej nespravodlivosti spoločnosti a ako výsledok lenivosti a nedostatku vôle. Zloženie chudobnej populácie. Situácia v Českej republike. 
610 2 0 |a ľudia bez domova 
610 2 0 |a chudoba 
610 2 0 |a metodológia 
610 2 0 |a štruktúra sociálna 
610 2 0 |a chudobní 
100 1 |a Veselá, Jana